放轻松 (Record no. 40906)

000 -LEADER
fixed length control field 00475nam a22001937a 4500
003 - CONTROL NUMBER IDENTIFIER
control field MPLRDC
005 - DATE AND TIME OF LATEST TRANSACTION
control field 20220104143534.0
008 - FIXED-LENGTH DATA ELEMENTS--GENERAL INFORMATION
fixed length control field 210129b ||||| |||| 00| 0 eng d
020 ## - INTERNATIONAL STANDARD BOOK NUMBER
International Standard Book Number 957-98633-6-9
082 ## - DEWEY DECIMAL CLASSIFICATION NUMBER
Classification number 411.77 HEW
100 ## - MAIN ENTRY--PERSONAL NAME
Personal name JAMES HEWITT
245 ## - TITLE STATEMENT
Title 放轻松
Statement of responsibility, etc. 君蓁译
250 ## - EDITION STATEMENT
Edition statement 第一版
260 ## - PUBLICATION, DISTRIBUTION, ETC.
Place of publication, distribution, etc. 台湾
Name of publisher, distributor, etc. 中天出版社
Date of publication, distribution, etc. 1997
300 ## - PHYSICAL DESCRIPTION
Other physical details 243
490 ## - SERIES STATEMENT
Series statement HAPPY MIND. 6
650 ## - SUBJECT ADDED ENTRY--TOPICAL TERM
Topical term or geographic name entry element 休息、松弛、睡眠
942 ## - ADDED ENTRY ELEMENTS (KOHA)
Koha item type Book
-- 411.77 HEW
Holdings
Withdrawn status Lost status Source of classification or shelving scheme Damaged status Not for loan Collection code Home library Current library Shelving location Date acquired Cost, normal purchase price Total Checkouts Full call number Barcode Date last seen Date last checked out Price effective from Koha item type Public note
            Malaysian Public Library, Research and Development Centre Malaysian Public Library, Research and Development Centre   10/12/2007 15.00   411.77 HEW 00041049 18/03/2021 22/07/2017 18/03/2021 Book mplrdc

© 2022. Malaysian Public Library, Research and Development Centre. All Right ReservedE-mailmplrdc@help.edu.my 

Powered by Koha